<?xml version="1.0" encoding="UTF-8"?>
<record
    xmlns:xsi="http://www.w3.org/2001/XMLSchema-instance"
    xsi:schemaLocation="http://www.loc.gov/MARC21/slim http://www.loc.gov/standards/marcxml/schema/MARC21slim.xsd"
    xmlns="http://www.loc.gov/MARC21/slim">

  <leader>00937nam a2200193 a 4500</leader>
  <controlfield tag="001">BRCA_9075</controlfield>
  <controlfield tag="005">20190320210520.0</controlfield>
  <controlfield tag="008">050917s1757----sp-#######---#000-0#lat-#</controlfield>
  <datafield tag="041" ind1=" " ind2=" ">
    <subfield code="a">lat</subfield>
  </datafield>
  <datafield tag="084" ind1=" " ind2=" ">
    <subfield code="a">CO31</subfield>
    <subfield code="b">.L36 1757</subfield>
  </datafield>
  <datafield tag="100" ind1="1" ind2=" ">
    <subfield code="a">Lancelotti, Pauli Jo.</subfield>
    <subfield code="9">22440</subfield>
  </datafield>
  <datafield tag="245" ind1="1" ind2="0">
    <subfield code="a">Gregorii papae IX decretales una cum libro sexto, clementinis et extravagantibus, ad veteres c&#xF3;dices restitutae et notis illustratae</subfield>
    <subfield code="b">quibus accedunt septimus decretalium</subfield>
    <subfield code="c">et Jo. Pauli Lancelotti Institutiones Juris Canonici, cum indicibus necessariis; tomus secundus.</subfield>
  </datafield>
  <datafield tag="260" ind1=" " ind2=" ">
    <subfield code="a">Coloniae Munatianae</subfield>
    <subfield code="b">Impensis Thurnisii, Joh. Rudolphi Filii, Bibliop. &amp; Typor.</subfield>
    <subfield code="c">1757</subfield>
    <subfield code="c">24.5 x 19 cm</subfield>
  </datafield>
  <datafield tag="500" ind1=" " ind2=" ">
    <subfield code="a">Estado f&#xED;sico: presenta encuadernaci&#xF3;n en pergamino con cintas rotas y lomo semi desprendido</subfield>
  </datafield>
  <datafield tag="500" ind1=" " ind2=" ">
    <subfield code="a">La paginaci&#xF3;n viene dividida por secciones.</subfield>
  </datafield>
  <datafield tag="650" ind1="1" ind2="4">
    <subfield code="a">Derecho can&#xF3;nico</subfield>
    <subfield code="y">Obras anteriores a 1800</subfield>
    <subfield code="9">22085</subfield>
  </datafield>
  <datafield tag="902" ind1=" " ind2=" ">
    <subfield code="a">CFM</subfield>
  </datafield>
  <datafield tag="942" ind1=" " ind2=" ">
    <subfield code="2">lcc</subfield>
    <subfield code="c">B</subfield>
  </datafield>
  <datafield tag="999" ind1=" " ind2=" ">
    <subfield code="c">8725</subfield>
    <subfield code="d">8725</subfield>
  </datafield>
  <datafield tag="952" ind1=" " ind2=" ">
    <subfield code="0">0</subfield>
    <subfield code="1">0</subfield>
    <subfield code="4">0</subfield>
    <subfield code="7">0</subfield>
    <subfield code="a">BRCA</subfield>
    <subfield code="b">BRCA</subfield>
    <subfield code="d">2017-09-05</subfield>
    <subfield code="l">0</subfield>
    <subfield code="o">CO31 .L36 1757</subfield>
    <subfield code="p">CFM00432</subfield>
    <subfield code="r">2019-03-22 00:00:00</subfield>
    <subfield code="w">2019-03-22</subfield>
    <subfield code="y">B</subfield>
  </datafield>
</record>
